<?xml version="1.0" encoding="UTF-8"?><?xml-stylesheet type="text/xsl" href="static/style.xsl"?><OAI-PMH xmlns="http://www.openarchives.org/OAI/2.0/" xmlns:xsi="http://www.w3.org/2001/XMLSchema-instance" xsi:schemaLocation="http://www.openarchives.org/OAI/2.0/ http://www.openarchives.org/OAI/2.0/OAI-PMH.xsd"><responseDate>2026-04-17T14:44:14Z</responseDate><request verb="GetRecord" identifier="oai:www.recercat.cat:2445/192315" metadataPrefix="marc">https://recercat.cat/oai/request</request><GetRecord><record><header><identifier>oai:recercat.cat:2445/192315</identifier><datestamp>2025-12-05T12:24:11Z</datestamp><setSpec>com_2072_1057</setSpec><setSpec>col_2072_478916</setSpec><setSpec>col_2072_478917</setSpec></header><metadata><record xmlns="http://www.loc.gov/MARC21/slim" xmlns:dcterms="http://purl.org/dc/terms/" xmlns:xsi="http://www.w3.org/2001/XMLSchema-instance" xmlns:doc="http://www.lyncode.com/xoai" xsi:schemaLocation="http://www.loc.gov/MARC21/slim http://www.loc.gov/standards/marcxml/schema/MARC21slim.xsd">
   <leader>00925njm 22002777a 4500</leader>
   <datafield ind2=" " ind1=" " tag="042">
      <subfield code="a">dc</subfield>
   </datafield>
   <datafield ind2=" " ind1=" " tag="720">
      <subfield code="a">Van Roessel, Peter J.</subfield>
      <subfield code="e">author</subfield>
   </datafield>
   <datafield ind2=" " ind1=" " tag="720">
      <subfield code="a">Grassi, Giacomo</subfield>
      <subfield code="e">author</subfield>
   </datafield>
   <datafield ind2=" " ind1=" " tag="720">
      <subfield code="a">Aboujaoude, Elias N.</subfield>
      <subfield code="e">author</subfield>
   </datafield>
   <datafield ind2=" " ind1=" " tag="720">
      <subfield code="a">Menchón Magriñá, José Manuel</subfield>
      <subfield code="e">author</subfield>
   </datafield>
   <datafield ind2=" " ind1=" " tag="720">
      <subfield code="a">Van Ameringen, Michael</subfield>
      <subfield code="e">author</subfield>
   </datafield>
   <datafield ind2=" " ind1=" " tag="720">
      <subfield code="a">Rodríguez, Carolyn I.</subfield>
      <subfield code="e">author</subfield>
   </datafield>
   <datafield ind2=" " ind1=" " tag="260">
      <subfield code="c">2023-01-18T17:38:48Z</subfield>
   </datafield>
   <datafield ind2=" " ind1=" " tag="260">
      <subfield code="c">2023-01-18T17:38:48Z</subfield>
   </datafield>
   <datafield ind2=" " ind1=" " tag="260">
      <subfield code="c">2023-01-01</subfield>
   </datafield>
   <datafield ind2=" " ind1=" " tag="260">
      <subfield code="c">2023-01-16T09:39:22Z</subfield>
   </datafield>
   <datafield ind2=" " ind1=" " tag="520">
      <subfield code="a">Serotonin reuptake inhibitor (SRI) medications are well established as first-line pharmacotherapeutic treatment for Obsessive-Compulsive Disorder (OCD). However, despite the excellent safety profile and demonstrated ef-ficacy of these medications, a substantial proportion of individuals with OCD fail to attain sufficient benefit from SRIs. In this narrative review, we discuss clinical features of OCD that have been associated with poorer response to SRIs, and we present pharmacotherapeutic interventions that have been explored as augmenting or alternative treatments for treatment-resistant OCD. We additionally highlight non-SRI interventions for OCD that are currently under investigation. Pharmacotherapeutic interventions were identified via expert consensus. To assess the evidence base for in-dividual pharmacotherapies, targeted searches for relevant English-language publications were performed on standard biomedical research databases, including MEDLINE. Information relevant to ongoing registered clinical trials in OCD was obtained by search of ClinicalTrials.gov. Pharmacotherapies are grouped for review in accordance with the general principles of Neuroscience-based Nomenclature (NbN). Clinical features of OCD that may suggest poorer response to SRI treatment include early age of onset, severity of illness, duration of untreated illness, and the presence of symmetry/ordering or hoarding-related symptoms. Based on evolving pathophysiologic models of OCD, diverse agents engaging serotonin, dopamine, norepi-nephrine, glutamate, and anti-inflammatory pathways have been explored as alternative or adjunctive therapies for treatment-resistant OCD and have at least preliminary evidence of efficacy. Medications with dopamine antagonist activity remain the most robustly evidence-based of augmenting in-terventions, yet dopamine antagonists benefit only a minority of those who try them and carry elevated risks of adverse effects. Interventions targeting glutamatergic and anti-inflammatory pathways are less well evidenced, but may offer more favorable benefit to risk profiles. Ongoing research should explore whether specific in-terventions may benefit individuals with particular features of treatment-resistant OCD.</subfield>
   </datafield>
   <datafield tag="653" ind2=" " ind1=" ">
      <subfield code="a">Neurosi obsessiva</subfield>
   </datafield>
   <datafield tag="653" ind2=" " ind1=" ">
      <subfield code="a">Farmacologia clínica</subfield>
   </datafield>
   <datafield tag="653" ind2=" " ind1=" ">
      <subfield code="a">Obsessive-compulsive disorder</subfield>
   </datafield>
   <datafield tag="653" ind2=" " ind1=" ">
      <subfield code="a">Clinical pharmacology</subfield>
   </datafield>
   <datafield ind2="0" ind1="0" tag="245">
      <subfield code="a">Treatment-resistant OCD: Pharmacotherapies in adults</subfield>
   </datafield>
</record></metadata></record></GetRecord></OAI-PMH>